Manual de usuario del software educativo sistema métrico decimal (unidades de longitud)

Este manual pretende facilitar al usuario de “Sistema Métrico Decimal (Unidades de Longitud)”, la correcta manipulación de cada una de las opciones que se ofrecen.

Bibliographic Details
Main Authors: Cruz, María Margarita, Cortedano, María Auxiliadora
Other Authors: Tutor:
Format: Tesis Section = Libro
Language:Undetermined
Spanish
Published: Managua UNI 1996
Subjects:
LEADER 00941nam a2200241Ia 4500
008 240830s9999 xx 000 0 und d
040 |a BIBLIOTECA-RUSB/ T.Mon 005.3 C957.Ma 
041 |a spa 
082 |a T.Mon 005.3 C957.Ma 
100 1 |a Cruz, María Margarita 
100 1 |b  Cortedano, María Auxiliadora 
245 1 0 |a Manual de usuario del software educativo sistema métrico decimal (unidades de longitud) 
260 |a Managua  |b UNI  |c 1996 
300 |a 16 p. :il. 
502 |a Tesis (Dr - Ing) - UNI, 1996. 
520 3 |a Este manual pretende facilitar al usuario de “Sistema Métrico Decimal (Unidades de Longitud)”, la correcta manipulación de cada una de las opciones que se ofrecen. 
650 7 |a SOFTWARE EDUCATIVO - SISTEMA METRICO DECIMAL 
650 7 |b  SISTEMA DE ENSEÑANZA - TUTORIAL DE REFORZAMIENTO 
650 7 |c  SISTEMA AUTOR - TOOL BOOK 
700 1 |a Tutor: 
942 |c BK  |2 ddc 
991 |a TESIS 
999 |c 21595